[Event "e2e4 Diamond Jubilee Premier"]
[Site "London ENG"]
[Date "2012.06.02"]
[Round "1.29"]
[White "Shaw, Matthew H"]
[Black "Waterfield, John W"]
[Result "0-1"]
[WhiteElo "1915"]
[BlackElo "2009"]
[WhiteFideId "412015"]
[BlackFideId "407143"]
[EventDate "2012.06.02"]

1. e4 c5 2. Nf3 g6 3. d4 cxd4 4. Nxd4 Nc6 5. Be3 Nf6 6. Nc3 Bg7 7. Bc4 O-O 8.
Bb3 a5 9. a4 Ng4 10. Qxg4 Nxd4 11. Qd1 Nxb3 12. cxb3 d6 13. O-O Ra6 14. f4 f5
15. Bd4 fxe4 16. Bxg7 Kxg7 17. Qd4+ Kg8 18. Qxe4 Bf5 19. Qc4+ e6 20. Rac1 Rc6
21. Qd4 Qe7 22. Rfe1 Rfc8 23. Nd5 Qg7 24. Qxg7+ Kxg7 25. Rxc6 Rxc6 26. Ne7 Rb6
27. Nxf5+ exf5 28. Re3 Kf6 29. Kf2 Rb4 30. g3 d5 31. Kf3 h6 32. h4 Re4 33. Rc3
d4 34. Rc8 Re3+ 35. Kf2 Rxb3 36. Rc4 Rxb2+ 37. Kf3 Rb4 38. Rc7 Rxa4 39. Rxb7 Rb4
40. Ra7 a4 41. Ra6+ Kf7 42. h5 gxh5 43. Rxh6 a3 44. Rxh5 Kg6 45. Rh1 Rb3+ 46.
Kf2 0-1

[Event "e2e4 Diamond Jubilee Premier"]
[Site "London ENG"]
[Date "2012.06.02"]
[Round "1.30"]
[White "Garnett, John S"]
[Black "Jensen, Soren2"]
[Result "1-0"]
[WhiteElo "2008"]
[BlackElo "1876"]
[WhiteFideId "410829"]
[BlackFideId "1409999"]
[EventDate "2012.06.02"]

1. d4 Nf6 2. Bg5 c5 3. Bxf6 gxf6 4. d5 Qb6 5. Qc1 f5 6. g3 Bh6 7. e3 Bg7 8. c3
d6 9. Bg2 Nd7 10. Ne2 Ne5 11. Qc2 Bd7 12. Nd2 O-O 13. O-O Qa6 14. Nf4 b5 15. e4
fxe4 16. Bxe4 f5 17. Bg2 Rab8 18. Nf3 Bh6 19. Nxe5 dxe5 20. Nd3 Qd6 21. f4 e4
22. Ne5 Bg7 23. Nxd7 Qxd7 24. Rad1 Rb6 25. g4 Rg6 26. gxf5 Qxf5 27. Kh1 e3 28.
Be4 Qg4 29. Rg1 Qxf4 30. Bxg6 hxg6 31. Qxg6 Qe5 32. Qe6+ Qxe6 33. dxe6 Rf6 34.
Rde1 Rxe6 35. Rg3 b4 36. Rexe3 Rxe3 37. Rxe3 Kf7 38. Kg2 a5 39. Kf3 Kf6 40. Ke4
Bh6 41. Re2 Ke6 42. Kd3+ Kd7 43. Kc4 Bf4 44. Kxc5 bxc3 45. bxc3 Bd6+ 46. Kb5 1-0

[Event "e2e4 Diamond Jubilee Premier"]
[Site "London ENG"]
[Date "2012.06.02"]
[Round "1.31"]
[White "Taylor, Adam A"]
[Black "Grattage, Matthew"]
[Result "1/2-1/2"]
[WhiteElo "1869"]
[BlackElo "2002"]
[WhiteFideId "415790"]
[BlackFideId "423750"]
[EventDate "2012.06.02"]

1. Nf3 Nf6 2. c4 c5 3. Nc3 Nc6 4. d4 cxd4 5. Nxd4 e6 6. e4 Bb4 7. f3 Bxc3+ 8.
bxc3 O-O 9. Be2 a6 10. O-O Qc7 11. c5 Na5 12. Ba3 Rd8 13. Qd2 b6 14. cxb6 Qxb6
15. Rab1 Qa7 16. Qg5 Nc6 17. Rfd1 e5 18. Bc4 d6 19. Kh1 exd4 20. cxd4 Be6 21. d5
Ne5 22. Bb3 Neg4 23. Rb2 Nf2+ 24. Rxf2 Qxf2 25. dxe6 fxe6 26. Bxe6+ Kh8 27. h3
Qe2 28. Rd2 Qe1+ 29. Kh2 h6 30. Qa5 Nh5 31. Bb2 Rdb8 32. Qxh5 Qxd2 33. Bxg7+
Kxg7 34. Qf7+ Kh8 35. Qf6+ 1/2-1/2

[Event "e2e4 Diamond Jubilee Premier"]
[Site "London ENG"]
[Date "2012.06.02"]
[Round "1.32"]
[White "Cafolla, Peter"]
[Black "O'Donnell, Conor"]
[Result "1/2-1/2"]
[WhiteElo "1995"]
[BlackElo "1860"]
[WhiteFideId "2500884"]
[BlackFideId "2504243"]
[EventDate "2012.06.02"]

1. e4 c6 2. d4 d5 3. exd5 cxd5 4. Bd3 Nc6 5. c3 Nf6 6. Bf4 g6 7. Nd2 Bg7 8. Ngf3
O-O 9. O-O Nh5 10. Bg3 Nxg3 11. hxg3 f6 12. c4 e6 13. Re1 Nb4 14. Bf1 dxc4 15.
Nxc4 Re8 16. a3 Nd5 17. Ne3 b6 18. Bb5 Bd7 19. Qa4 Bxb5 20. Qxb5 Nxe3 21. Rxe3
Kf7 22. Rae1 Bh6 23. R3e2 Qd5 24. Qxd5 exd5 25. Rxe8 Rxe8 26. Rxe8 Kxe8 27. Ne1
Kd7 28. Kf1 Kc6 29. Ke2 Kb5 30. Kd3 Bf8 31. Nc2 Kc6 1/2-1/2

[Event "e2e4 Diamond Jubilee Premier"]
[Site "London ENG"]
[Date "2012.06.02"]
[Round "1.33"]
[White "Dixit, Kumar"]
[Black "Stewart, Ashley"]
[Result "1-0"]
[WhiteElo "1858"]
[BlackElo "1994"]
[WhiteFideId "421103"]
[BlackFideId "419001"]
[EventDate "2012.06.02"]

1. d4 g6 2. Nf3 Bg7 3. c4 Nf6 4. Nc3 d5 5. Bf4 O-O 6. e3 c5 7. Be2 cxd4 8. exd4
dxc4 9. Bxc4 a6 10. O-O b5 11. Bb3 Bb7 12. Re1 Nc6 13. Be5 Na5 14. Bxf7+ Rxf7
15. Ng5 Rf8 16. Ne6 Qd7 17. Nxf8 Rxf8 18. Rc1 Nc4 19. b3 Nb6 20. Qe2 b4 21. Nd1
Nbd5 22. Ne3 Nxe3 23. Rc7 Qd5 24. fxe3 Bh6 25. Rxe7 Ne4 26. Qc4 Nd2 27. Qxd5+
Bxd5 28. h3 a5 29. Ra7 Ra8 30. Rxa8+ Bxa8 31. Bc7 a4 32. bxa4 Nc4 33. Kf2 Nb2
34. Rb1 Nd3+ 35. Ke2 Be4 36. a5 Nf4+ 37. Bxf4 Bxf4 38. Rxb4 Bd6 39. Rb6 Bc7 40.
Re6 Bd5 41. Re8+ Kf7 42. Rh8 Bxa5 43. Rxh7+ Kf6 44. Ra7 Bc4+ 45. Kf3 Bb6 46. Ra4
Bb5 47. Rb4 Bc6+ 48. e4 Ba5 49. Rc4 Bd7 50. g4 Bd2 51. e5+ Ke6 52. Ke4 Bb5 53.
d5+ Kd7 54. Rc5 Bf1 55. e6+ Kd8 56. d6 Ba6 57. Ke5 Bb7 58. e7+ Ke8 59. Ke6 1-0

[Event "e2e4 Diamond Jubilee Premier"]
[Site "London ENG"]
[Date "2012.06.02"]
[Round "1.34"]
[White "Olsson, Tomas"]
[Black "Balaji, Ananthanarayanan"]
[Result "0-1"]
[WhiteElo "1992"]
[BlackElo "1834"]
[WhiteFideId "1702696"]
[BlackFideId "421197"]
[EventDate "2012.06.02"]

1. e4 e5 2. Nf3 Nc6 3. d4 exd4 4. Bc4 Bc5 5. c3 Nf6 6. cxd4 Bb4+ 7. Bd2 Bxd2+ 8.
Nbxd2 d5 9. exd5 Nxd5 10. Qb3 Nce7 11. O-O O-O 12. Rfe1 c6 13. a4 Rb8 14. Ne5
Be6 15. a5 Nf5 16. Nef3 g6 17. Qa4 b5 18. axb6 Nxb6 19. Qxa7 Ra8 0-1

[Event "e2e4 Diamond Jubilee Premier"]
[Site "London ENG"]
[Date "2012.06.02"]
[Round "1.35"]
[White "Kuhendiran, Tharshan"]
[Black "Taylor, Dale C"]
[Result "1-0"]
[WhiteElo "1778"]
[BlackElo "1990"]
[WhiteFideId "423777"]
[BlackFideId "416410"]
[EventDate "2012.06.02"]

1. f4 c5 2. e4 e6 3. Nf3 Nc6 4. d3 d5 5. e5 Nge7 6. c3 Nf5 7. Be2 d4 8. c4 Be7
9. O-O h5 10. b3 b6 11. Na3 Bb7 12. Nc2 Qd7 13. Bd2 g6 14. a4 a5 15. Rb1 h4 16.
Be1 O-O-O 17. Qc1 Kb8 18. Ra1 Nb4 19. Nxb4 cxb4 20. Bf2 Qc6 21. Ne1 h3 22. Bf3
Qc7 23. g3 Bxf3 24. Nxf3 Qc6 25. Qd1 Bc5 26. Qe2 Rd7 27. Rfc1 Kc7 28. Ne1 g5 29.
fxg5 Be7 30. Qf3 Bxg5 31. Qxc6+ Kxc6 32. Rcb1 Ne3 33. Nf3 Bh6 34. Ra2 Kb7 35.
Re2 Rhd8 36. Kh1 Ng4 37. Rbb2 Be3 38. Bxe3 Nxe3 39. Rbd2 Rh8 40. Re1 Nf5 41. Re4
Kc6 42. g4 Nh4 43. Nxd4+ Kc5 44. Nc2 Nf3 45. d4+ Kc6 46. Rf2 Ng5 47. Ref4 Kb7
48. Ne3 Rc8 49. Nc2 b5 50. axb5 a4 51. Nxb4 axb3 52. c5 Rxc5 53. dxc5 b2 54. Rf1
Rd2 55. c6+ Kb6 56. c7 Kxc7 57. Rc4+ Kb6 58. Rc2 Nf3 59. Rb1 1-0

[Event "e2e4 Diamond Jubilee Premier"]
[Site "London ENG"]
[Date "2012.06.02"]
[Round "1.36"]
[White "Thompson, Robert"]
[Black "Tarhon, Brian"]
[Result "1-0"]
[WhiteElo "1965"]
[BlackElo "1769"]
[WhiteFideId "417513"]
[BlackFideId "423190"]
[EventDate "2012.06.02"]

1. c4 Nf6 2. Nf3 g6 3. g3 Bg7 4. Bg2 O-O 5. O-O d6 6. d4 Nc6 7. Nc3 Bf5 8. Re1
e5 9. d5 Ne7 10. e4 Bd7 11. c5 Ne8 12. Qb3 b6 13. cxd6 cxd6 14. a4 f5 15. Ng5
Nc7 16. Qb4 h6 17. Nf3 Nc8 18. Nd2 f4 19. Nc4 Na6 20. Qa3 Nc5 21. Bf1 Qf6 22.
Nd1 h5 23. a5 b5 24. Nd2 h4 25. b4 Nb7 26. a6 Nd8 27. Kg2 Kf7 28. h3 hxg3 29.
fxg3 Rh8 30. g4 Qh4 31. Nf2 Kg8 32. Be2 Qe7 33. Nf3 Bf6 34. Rh1 Nf7 35. Qa5 Rb8
36. Qc7 Rb6 37. Bd2 Bxg4 38. Qxe7 Bxf3+ 39. Bxf3 Nxe7 40. Rhc1 Kg7 41. Rc7 Ra8
42. Be2 Nxd5 43. exd5 e4 44. Ra3 f3+ 45. Bxf3 exf3+ 46. Rxf3 Rf8 47. Ng4 Bd8 48.
Rxa7 Kg8 49. Bh6 Nxh6 50. Nxh6+ Kh8 51. Rxf8# 1-0

[Event "e2e4 Diamond Jubilee Premier"]
[Site "London ENG"]
[Date "2012.06.02"]
[Round "1.37"]
[White "Shepherd, Katherine M"]
[Black "Foo, William J"]
[Result "0-1"]
[WhiteElo "1763"]
[BlackElo "1959"]
[WhiteFideId "412031"]
[BlackFideId "419753"]
[EventDate "2012.06.02"]

1. d4 d5 2. Nf3 Nf6 3. Bf4 c5 4. c3 Nc6 5. e3 Qb6 6. Qb3 c4 7. Qc2 Bf5 8. Qc1 e6
9. Nbd2 Nh5 10. Bg5 f6 11. h3 fxg5 12. g4 Ng3 13. fxg3 Bg6 14. Nxg5 e5 15. Bxc4
dxc4 16. Nxc4 Qb5 17. b3 O-O-O 18. O-O Be7 19. Na3 Qa6 20. b4 Bd3 21. e4 Bxg5
22. Qxg5 Bxf1 23. Rxf1 Qxa3 24. d5 Rhf8 25. Rxf8 Rxf8 26. dxc6 Qxc3 27. cxb7+
Kb8 0-1

[Event "e2e4 Diamond Jubilee Premier"]
[Site "London ENG"]
[Date "2012.06.02"]
[Round "1.38"]
[White "Phillips, Owen S"]
[Black "Pattni, Kishan"]
[Result "1/2-1/2"]
[WhiteElo "1959"]
[BlackElo "1736"]
[WhiteFideId "417882"]
[BlackFideId "420751"]
[EventDate "2012.06.02"]

1. e4 c5 2. Nf3 Nc6 3. c4 g6 4. Nc3 Bg7 5. d3 d6 6. g3 Nf6 7. Bg2 O-O 8. O-O Bg4
9. h3 Be6 10. Ng5 Qd7 11. Be3 h6 12. Nxe6 Qxe6 13. Nd5 Ne8 14. Qd2 h5 15. Kh2
Qd7 16. h4 Ne5 17. f3 e6 18. Bh3 Nf6 19. Kg2 Rae8 20. Bh6 Nfg4 21. Bxg7 Kxg7 22.
Nf4 Nh6 23. b3 Nc6 24. Qc3+ Kh7 25. Nd5 Ng8 26. f4 f5 27. exf5 exf5 28. Rae1 Qg7
29. Qxg7+ Kxg7 30. Kf2 a6 31. Nc7 Rc8 32. Ne6+ Kf7 33. Nxf8 Rxf8 34. Bg2 Nb4 35.
Re3 Nc2 36. Bd5+ Kg7 37. Re6 Rd8 38. Bxb7 a5 39. Rd1 Nd4 40. Ree1 a4 41. Bd5 Nc2
42. Bxg8 Nxe1 43. Rxe1 Rxg8 44. bxa4 Kf6 45. Rb1 Ra8 46. Rb6 Ke6 47. d4 cxd4 48.
c5 Rxa4 49. Rxd6+ Kf7 50. Ke2 Rxa2+ 51. Kd3 Rg2 52. Kxd4 Rxg3 53. Kd5 Rd3+ 54.
Kc6 Rc3 55. Kb6 Rb3+ 56. Kc7 Rb4 57. c6 Rxf4 58. Kd7 Rxh4 59. c7 Rc4 60. Rc6
Rd4+ 61. Kc8 h4 62. Kb7 Rd7 63. Kb6 Rxc7 64. Rxc7+ Kf6 65. Kc5 Kg5 66. Kd4 Kf4
67. Rc1 h3 68. Rf1+ 1/2-1/2

[Event "e2e4 Diamond Jubilee Premier"]
[Site "London ENG"]
[Date "2012.06.02"]
[Round "1.39"]
[White "Gupta, Arul"]
[Black "Taylor, Robert Graham"]
[Result "0-1"]
[WhiteElo "1697"]
[BlackElo "1957"]
[WhiteFideId "422622"]
[BlackFideId "1800841"]
[EventDate "2012.06.02"]

1. e4 c5 2. Nf3 e6 3. c3 d6 4. d4 cxd4 5. cxd4 Nf6 6. Nc3 a6 7. Bd3 Nc6 8. O-O
Be7 9. Bg5 O-O 10. e5 dxe5 11. dxe5 Nd7 12. Bf4 Nc5 13. Be2 Qxd1 14. Rfxd1 Rd8
15. a3 b5 16. Rxd8+ Bxd8 17. b4 Nb7 18. Ne4 Ne7 19. Bg5 Nd5 20. Bxd8 Nxd8 21.
Nd4 f6 22. exf6 gxf6 23. Bf3 Rb8 24. Nd6 Nb6 25. Rc1 e5 26. Nc6 Nxc6 27. Rxc6
Bd7 28. Rc7 f5 29. Bb7 Be6 30. Bxa6 Rd8 31. Rc6 Nc4 32. Bc8 Bf7 33. Bxf5 Rxd6
34. Rxd6 Nxd6 35. Bd7 Kg7 36. Kf1 Kf6 37. Ke2 Be8 38. Bxe8 Nxe8 39. Kd3 Nd6 40.
Kc3 Ne4+ 41. Kb3 Nxf2 42. a4 bxa4+ 43. Kxa4 e4 44. Kb3 Ke5 45. b5 Kd5 46. b6 Kc6
47. b7 Kxb7 48. Kc2 e3 49. g4 Kc6 50. g5 Kd6 51. h4 Ke6 52. h5 Kf5 53. g6 hxg6
54. h6 Kf6 0-1

[Event "e2e4 Diamond Jubilee Premier"]
[Site "London ENG"]
[Date "2012.06.02"]
[Round "1.40"]
[White "Murphy, Conor E"]
[Black "Collins, Andrew"]
[Result "1-0"]
[WhiteElo "1954"]
[BlackElo "1685"]
[WhiteFideId "421669"]
[BlackFideId "425907"]
[EventDate "2012.06.02"]

1. Nf3 Nf6 2. g3 e6 3. Bg2 d5 4. c4 Be7 5. b3 O-O 6. Bb2 Nbd7 7. O-O c6 8. Qc2
h6 9. d3 Bd6 10. Nbd2 Re8 11. e4 dxe4 12. Nxe4 Nxe4 13. dxe4 e5 14. Rad1 Qe7 15.
Bh3 Nf8 16. Bxc8 Raxc8 17. Bc1 Ng6 18. Rd3 Bc5 19. Rfd1 Rcd8 20. Bb2 Bb6 21.
Rxd8 Rxd8 22. Rxd8+ Bxd8 23. h4 f6 24. h5 Nf8 25. Nh4 Qf7 26. Qd1 Ne6 27. Nf5
Bb6 28. Qg4 Kh7 29. Kg2 Nd4 30. Nd6 Qe7 31. Qg6+ Kg8 32. Ba3 c5 33. Nf5 Nxf5 34.
Qxf5 Kf7 35. Qc8 g6 36. Qh8 gxh5 37. Qxh6 Ke6 38. Qxh5 Qd6 39. Qe8+ Qe7 40.
Qxe7+ Kxe7 41. f4 exf4 42. gxf4 Kd6 43. Bb2 Bd8 44. Kf3 a6 45. e5+ fxe5 46.
Bxe5+ Ke6 47. Ke4 Be7 48. f5+ Kf7 49. Kd5 b5 50. Bd6 bxc4 51. bxc4 Bd8 52. Bxc5
Kf6 53. Ke4 1-0

[Event "e2e4 Diamond Jubilee Premier"]
[Site "London ENG"]
[Date "2012.06.02"]
[Round "1.41"]
[White "Kalaiyalahan, Akshaya"]
[Black "Taylor, Adam C"]
[Result "1-0"]
[WhiteElo "1646"]
[BlackElo "1948"]
[WhiteFideId "422894"]
[BlackFideId "424668"]
[EventDate "2012.06.02"]

1. c4 f5 2. Nc3 Nf6 3. d4 e6 4. Nf3 Be7 5. e3 b6 6. Be2 O-O 7. O-O Bb7 8. a3 Qe8
9. b4 h6 10. Bb2 g5 11. d5 g4 12. Nd4 Bd8 13. Qb3 a5 14. dxe6 dxe6 15. c5 Nd5
16. cxb6 a4 17. Qa2 c6 18. e4 Bxb6 19. exd5 Bxd4 20. dxe6 Kh7 21. Nxa4 Bxb2 22.
Nxb2 Rf6 23. Bc4 f4 24. Rfe1 f3 25. g3 Qh5 26. e7 Nd7 27. Rad1 Ne5 28. Rd8 Re6
29. Qb1+ Kg7 30. Rxa8 Bxa8 31. h4 Rxe7 32. Nd3 Ng6 33. Qb2+ Kh7 34. Rxe7+ Nxe7
35. Nf4 Qf5 1-0

[Event "e2e4 Diamond Jubilee Premier"]
[Site "London ENG"]
[Date "2012.06.03"]
[Round "2.1"]
[White "Sumets, Andrey"]
[Black "Buckley, Graeme N"]
[Result "1-0"]
[WhiteTitle "GM"]
[BlackTitle "IM"]
[WhiteElo "2599"]
[BlackElo "2363"]
[WhiteFideId "14105500"]
[BlackFideId "402265"]
[EventDate "2012.06.02"]

1. d4 Nf6 2. c4 e6 3. Nc3 Bb4 4. Qc2 d5 5. cxd5 exd5 6. Nf3 c5 7. dxc5 d4 8. a3
Ba5 9. b4 dxc3 10. bxa5 Qxa5 11. e4 Bd7 12. Bd3 Ba4 13. Qe2 Na6 14. e5 O-O-O 15.
exf6 Rhe8 16. Be3 Nxc5 17. Bf5+ Kb8 18. O-O Nb3 19. Qc4 Nxa1 20. Rxa1 g6 21.
Bf4+ Ka8 22. Bc7 Qxf5 23. Bxd8 Rxd8 24. Qxa4 Qxf6 25. Rc1 a6 26. h3 Rc8 27. Qd7
Rc6 28. Qe8+ Ka7 29. Qe3+ Ka8 30. Ne5 Re6 31. Rxc3 Re8 32. f4 Qf5 33. Qd4 g5 34.
Qd7 Qxd7 35. Nxd7 gxf4 36. Nf6 Re5 37. Nxh7 b5 38. Nf6 Kb7 39. h4 Rf5 40. Ne4
Rh5 41. Rh3 Kc6 42. Kf2 f5 43. Nd2 Kd5 44. Kf3 Ke5 45. Nb3 Rh8 46. Nc5 a5 47. h5
Rc8 48. h6 Kf6 49. h7 Kg7 50. h8=Q+ Rxh8 51. Rxh8 Kxh8 52. Kxf4 1-0

[Event "e2e4 Diamond Jubilee Premier"]
[Site "London ENG"]
[Date "2012.06.03"]
[Round "2.2"]
[White "Vovk, Andrey"]
[Black "Eggleston, David J"]
[Result "1/2-1/2"]
[WhiteTitle "GM"]
[BlackTitle "FM"]
[WhiteElo "2549"]
[BlackElo "2327"]
[WhiteFideId "14114470"]
[BlackFideId "412120"]
[EventDate "2012.06.02"]

1. e4 c5 2. Nf3 d6 3. d4 cxd4 4. Nxd4 Nf6 5. Nc3 a6 6. Bg5 Nbd7 7. f4 Qc7 8. Qf3
h6 9. Bxf6 Nxf6 10. f5 Qc5 11. O-O-O g5 12. e5 Qxe5 13. g3 g4 14. Qf2 d5 15. Bg2
Bg7 16. Rhe1 Qd6 17. Nb3 O-O 18. Bxd5 Qc7 19. Nc5 Re8 20. N5e4 a5 21. Nb5 Qb8
22. Nxf6+ Bxf6 23. Qc5 Rf8 24. Rxe7 Bxe7 25. Qxe7 Bxf5 26. Nd6 Bg6 27. Qf6 Kh7
28. Bxf7 Rxf7 29. Nxf7 Qc7 30. Ng5+ hxg5 31. c3 Qg7 32. Qxg5 Rf8 33. Rd4 Rf1+
34. Kd2 Rf2+ 35. Ke1 Rxh2 36. Rxg4 Qf7 37. Rh4+ Rxh4 38. Qxh4+ Bh5 39. g4 Qe6+
40. Kd2 Qxg4 41. Qxg4 Bxg4 42. Kd3 a4 43. Kc4 Kg7 44. Kb5 Bd7+ 45. Kb6 Be6 46.
Ka5 a3 47. bxa3 Bxa2 1/2-1/2

[Event "e2e4 Diamond Jubilee Premier"]
[Site "London ENG"]
[Date "2012.06.03"]
[Round "2.3"]
[White "Sowray, Peter J"]
[Black "Rausis, Igor"]
[Result "1/2-1/2"]
[WhiteTitle "FM"]
[BlackTitle "GM"]
[WhiteElo "2376"]
[BlackElo "2514"]
[WhiteFideId "400971"]
[BlackFideId "11600098"]
[EventDate "2012.06.02"]

1. Nf3 Nf6 2. c4 e6 3. g3 d5 4. Bg2 Be7 5. O-O O-O 6. b3 b6 7. Bb2 Bb7 8. e3
Nbd7 9. Nc3 Ne4 10. Qc2 Bf6 11. Rfd1 Qe7 12. d3 Nxc3 13. Bxc3 Rfd8 14. Rac1 dxc4
15. bxc4 Bxc3 16. Qxc3 e5 17. d4 exd4 18. exd4 Qf6 19. Re1 Rac8 20. Re3 Nf8 21.
Ne5 Bxg2 22. Kxg2 Qd6 23. d5 a6 24. Rce1 c5 25. Nc6 Rxc6 26. dxc6 Qxc6+ 27. Kg1
Ne6 28. Qe5 g6 29. Qf6 Rd6 30. h4 h5 31. Kh2 Qd7 32. Re5 1/2-1/2

[Event "e2e4 Diamond Jubilee Premier"]
[Site "London ENG"]
[Date "2012.06.03"]
[Round "2.4"]
[White "Williams, Simon K"]
[Black "Rudd, Jack"]
[Result "1-0"]
[WhiteTitle "GM"]
[BlackTitle "IM"]
[WhiteElo "2513"]
[BlackElo "2305"]
[WhiteFideId "404454"]
[BlackFideId "405736"]
[EventDate "2012.06.02"]

1. c4 Nf6 2. Nc3 e5 3. Nf3 e4 4. Ng5 b5 5. d3 bxc4 6. Ngxe4 cxd3 7. Qxd3 Bb7 8.
Bg5 Qe7 9. Bxf6 gxf6 10. O-O-O Bg7 11. Ng3 Qe6 12. Nf5 Bf8 13. e4 Nc6 14. Qb5
O-O-O 15. Bc4 Qe5 16. Qxe5 Nxe5 17. Bd5 c6 18. Bb3 Bc5 19. f3 Rhg8 20. Na4 Bf2
21. f4 Ng6 22. Rhf1 Bb6 23. Nxb6+ axb6 24. Nd6+ Kc7 25. Nxf7 Rde8 26. Nd6 1-0

[Event "e2e4 Diamond Jubilee Premier"]
[Site "London ENG"]
[Date "2012.06.03"]
[Round "2.5"]
[White "White, Michael J R"]
[Black "Hebden, Mark L"]
[Result "0-1"]
[WhiteTitle "FM"]
[BlackTitle "GM"]
[WhiteElo "2272"]
[BlackElo "2512"]
[WhiteFideId "407380"]
[BlackFideId "400084"]
[EventDate "2012.06.02"]

1. e4 e5 2. Nf3 Nc6 3. d4 exd4 4. Nxd4 Nf6 5. Nxc6 bxc6 6. e5 Ne4 7. Nd2 Nc5 8.
Nb3 Qe7 9. Qe2 Ne6 10. Be3 f6 11. exf6 Qxf6 12. O-O-O Be7 13. c4 a5 14. Qc2 a4
15. Nd4 Nc5 16. Nf5 O-O 17. g4 d6 18. Nxe7+ Qxe7 19. Bxc5 dxc5 20. h3 a3 21. Bd3
axb2+ 22. Kb1 Qf6 23. Bxh7+ Kh8 24. Be4 Be6 25. Bxc6 Ra6 26. Be4 Bg8 27. g5 Qb6
28. Qe2 Bf7 29. Rd3 Qa5 30. a3 Qa4 31. Rf3 Rb8 32. Rd1 Bxc4 33. Rf8+ Rxf8 34.
Qh5+ Rh6 35. gxh6 Ba2+ 36. Kxb2 Qb3+ 37. Kc1 Qxa3+ 38. Kc2 Bb3+ 39. Kb1 Qa2+ 40.
Kc1 Qa1+ 41. Kd2 Qb2+ 42. Ke3 Qxf2+ 43. Kd3 Qd4+ 0-1

[Event "e2e4 Diamond Jubilee Premier"]
[Site "London ENG"]
[Date "2012.06.03"]
[Round "2.6"]
[White "Zhou, Yang-Fan"]
[Black "Sreeves, Clement"]
[Result "1-0"]
[WhiteTitle "IM"]
[WhiteElo "2438"]
[BlackElo "2209"]
[WhiteFideId "468584"]
[BlackFideId "2402564"]
[EventDate "2012.06.02"]

1. e4 e5 2. Nf3 Nc6 3. Bc4 Nf6 4. d3 Be7 5. O-O d6 6. a4 O-O 7. a5 Be6 8. a6 b6
9. Nbd2 Bxc4 10. Nxc4 Qd7 11. c3 Nd8 12. Ne3 Ne6 13. Re1 Rae8 14. Nf5 Bd8 15. b4
g6 16. Ng3 Nf4 17. Bxf4 exf4 18. Ne2 Nh5 19. Qd2 f5 20. exf5 Rxf5 21. Ned4 Rff8
22. b5 Bf6 23. Rxe8 Rxe8 24. Re1 Rxe1+ 25. Qxe1 Kf7 26. Nc6 Qf5 27. Qb1 g5 28.
h3 1-0

[Event "e2e4 Diamond Jubilee Premier"]
[Site "London ENG"]
[Date "2012.06.03"]
[Round "2.7"]
[White "Duport, Nicolas"]
[Black "Collins, Sam E."]
[Result "0-1"]
[BlackTitle "IM"]
[WhiteElo "2214"]
[BlackElo "2428"]
[WhiteFideId "1314424"]
[BlackFideId "2501198"]
[EventDate "2012.06.02"]

1. e4 e5 2. Nf3 Nc6 3. Bb5 a6 4. Ba4 Nge7 5. O-O g6 6. c3 Bg7 7. d4 exd4 8. cxd4
b5 9. Bc2 d6 10. d5 Na5 11. Nc3 O-O 12. Nd4 c5 13. dxc6 Nexc6 14. Nxc6 Nxc6 15.
Nd5 Ne5 16. Rb1 Bg4 17. f3 Be6 18. b3 Rc8 19. Be3 Bxd5 20. exd5 Qa5 21. Rf2 Qc3
22. Bg5 Rfe8 23. Qd2 Qc5 24. Kh1 Nd7 25. b4 Qc7 26. Bb3 Bf6 27. Bxf6 Nxf6 28.
Rff1 Qc3 29. Qxc3 Rxc3 30. Rbc1 Rec8 31. Rxc3 Rxc3 32. h3 Kf8 33. Kg1 Ke7 34.
Kf2 Nh5 35. Re1+ Kd7 36. Re3 Rc1 37. Re4 f5 38. Rd4 f4 39. Bd1 g5 40. Ke2 Ng3+
41. Kf2 h6 42. Rd2 Rc4 43. Rb2 Rd4 44. Bb3 Nf5 45. Ke2 Rxb4 46. Kd3 Rd4+ 47. Kc3
b4+ 48. Kc2 Ne3+ 49. Kc1 a5 50. Re2 Nxd5 51. Ba4+ Kc7 52. Re6 Nc3 53. Bc2 Nxa2+ 0-1

[Event "e2e4 Diamond Jubilee Premier"]
[Site "London ENG"]
[Date "2012.06.03"]
[Round "2.8"]
[White "Astaneh Lopez, Alex"]
[Black "Lalic, Peter D"]
[Result "1-0"]
[WhiteTitle "IM"]
[WhiteElo "2402"]
[BlackElo "2097"]
[WhiteFideId "2501430"]
[BlackFideId "416711"]
[EventDate "2012.06.02"]

1. e4 c5 2. Nf3 Nc6 3. Bb5 g6 4. O-O Bg7 5. Bxc6 bxc6 6. d3 d6 7. Re1 e5 8. c3
Ne7 9. d4 cxd4 10. cxd4 exd4 11. Nxd4 Qb6 12. Nb3 c5 13. Nc3 O-O 14. Bg5 Re8 15.
e5 Bxe5 16. Bxe7 Rxe7 17. Nd5 Bxh2+ 18. Kxh2 Rxe1 19. Qxe1 Qd8 20. Qc3 Qh4+ 21.
Kg1 Be6 22. Nf6+ Kf8 23. Re1 a5 24. Nxh7+ Qxh7 25. Rxe6 fxe6 26. Qf3+ Kg7 27.
Qxa8 Qh5 28. Qa7+ Kf6 29. Nd2 Qd1+ 30. Nf1 a4 31. Qa5 Ke7 32. Qc3 e5 33. f3 Qd5
34. a3 Qc6 35. Ne3 Ke6 36. Qd3 Kf6 37. Nd5+ 1-0

[Event "e2e4 Diamond Jubilee Premier"]
[Site "London ENG"]
[Date "2012.06.03"]
[Round "2.9"]
[White "Jackson, James P"]
[Black "Sipila, Vilka"]
[Result "0-1"]
[BlackTitle "FM"]
[WhiteElo "2121"]
[BlackElo "2393"]
[WhiteFideId "416860"]
[BlackFideId "505455"]
[EventDate "2012.06.02"]

1. e4 c5 2. Nf3 d6 3. d4 cxd4 4. Nxd4 Nf6 5. Nc3 g6 6. Be3 Bg7 7. f3 O-O 8. Qd2
Nc6 9. O-O-O d5 10. exd5 Nxd5 11. Nxc6 bxc6 12. Bd4 e5 13. Bc5 Be6 14. Ne4 Rb8
15. h4 a5 16. a4 Qc7 17. Ba3 Rfd8 18. Bd3 Qb6 19. Qf2 Bh6+ 20. Kb1 Nc3+ 21. Ka1
Qxf2 22. Nxf2 Nxd1 23. Rxd1 Rd4 24. Ne4 Bf8 25. Bxf8 Kxf8 26. Nc5 Bf5 27. b3
Rbd8 28. Rh1 Bxd3 29. Nxd3 e4 30. fxe4 Rxe4 31. Kb1 h5 32. Rf1 0-1

[Event "e2e4 Diamond Jubilee Premier"]
[Site "London ENG"]
[Date "2012.06.03"]
[Round "2.10"]
[White "Armstrong, Malcolm J"]
[Black "Vovk, Yuri"]
[Result "0-1"]
[BlackTitle "GM"]
[WhiteElo "2040"]
[BlackElo "2562"]
[WhiteFideId "409049"]
[BlackFideId "14113171"]
[EventDate "2012.06.02"]

1. d4 Nf6 2. Nf3 g6 3. Nc3 d5 4. Bf4 Bg7 5. Qd2 c5 6. dxc5 Nc6 7. O-O-O Be6 8.
Ng5 O-O 9. e4 d4 10. Nxe6 fxe6 11. Qe2 Nd7 12. Qg4 dxc3 13. Qxe6+ Kh8 14. Rxd7
Qa5 0-1